00419nam a2200157Ia 4500008004100000020001800041040001900059041001200078082002400090100002100114245003600135260003700171300001700208650001800225850001800243131103s9999 xx 000 0 und d a0 340 15915 4 aLoreto College aEnglish a170/HOLbLCBED/8293 aHolmes, Marjorie aWho Am I God ?cMarjorie Holmes aLondonbHodder & Stoughtonc1972 a160p c 18cm aMoral science aLCBED/170/HOL